00768 a2200193 45000010006000000050017000060080041000230030015000640400040000790800100001192450034002190200018002532640068002713000019003395050149003581000034005077000015005417000018005562693920260407155547.0260407a1976 arg spa dAR-UNSa-BCEJYS aAR-UNSa-BCEJYSbspacAR-UNSa-BCEJYS a711.4xOrdenación urbana. Desarrollo urbano. Áreas edificadas. Conurbaciones. Asentamientos10aLa ciudad y la urbanización a84-7088-187-6 1aMadrid :bInstituto de Estudios de Administración Localc1976 a311 p.c21 cm. a1. Espacio y teorías sociológicas - 2. La urbanización como proceso de transformación - 3. Resumen histórico de la sociología urbana1 aHernández Orozco, Joaquín1 aRemy, Jean1 aVoye, Liliane